00910nam a2200277 a 450000100060000000300090000600800410001502000180005604000280007404100080010210000200011024501100013025000110024026000340025130000270028549000380031265000220035065000230037265000460039565000270044165000440046865000330051265000390054570000210058470000270060525010CO-ViMGA141112s2004 ck r 000 u spa d a9789589159606 aCO-ViMGAbspacCO-ViMGA aSPA1 aOxenbury, Helen10aEl primer día de escuela / ctexto e ilustración Helen Oxenbury ; traducido por Concepción Zendrera a6a ed. aBogotá : bJuventud, c2012 a24 p. : il. col. : il. aMis primeros libros de imágenes14aAUTORES INGLESES 14aDESDE LOS 18 MESES14aESCUELAS MATERNALES - LIBROS DE IMAGENES 14aILUSTRADORES INGLESES 14aJARDINES INFANTILES - LIBROS DE IMAGEN 14aLITERATURA INFANTIL INGLESA 14aVIDA ESCOLAR - LIBROS DE IMAGENES 1 aOxenbury, Helen 1 aZendrera, Concepción